Städte am Mittellandkanal - Statistiken

Allgemein
  • Dieses Quiz wurde 29 mal gespielt
  • Das Durchschnittsergebnis liegt bei 7 aus 11
Antwortstatistiken
Bildquiz Antwort % Korrekt
Magdeburg
96%
Braunschweig
89%
Hannover
85%
Wolfsburg
81%
Minden
74%
Peine
63%
Wunstorf
48%
Garbsen
44%
Seelze
41%
Ibbenbüren
37%
Bramsche
26%
Keine übereinstimmenden Quizze gefunden
Verteilung der Resultate
Anzahl Personen mit jedem Resultat
Perzentil nach korrekt beantworteten Fragen
Ihre Resultats-Entwicklung
Sie haben dieses Quiz noch nicht gespielt